| Tag |
First Indicator |
Second Indicator |
Subfields |
| LEADER |
00000cam a22000001a 4500 |
| 001 |
in00003335921 |
| 006 |
m d f |
| 007 |
cr bn mmmapmmp |
| 008 |
101214s2007 dcu o f000 0 eng d |
| 005 |
20260501142813.6 |
| 035 |
|
|
|a cis2007860272
|
| 040 |
|
|
|a ProQuest
|c ProQuest
|d UtOrBLW
|
| 043 |
|
|
|a n-us---
|
| 099 |
|
|
|a CRS-2007-FDT-1045
|
| 110 |
2 |
|
|a Library of Congress.
|b Congressional Research Service.
|
| 245 |
1 |
0 |
|a Navy Force Structure and Shipbuilding Plans :
|b Background and Issues for Congress.
|
| 264 |
|
1 |
|a [Place of publication not identified] :
|b [publisher not identified],
|c 2007.
|
| 300 |
|
|
|a 1 online resource.
|
| 336 |
|
|
|a text
|b txt
|2 rdacontent
|
| 337 |
|
|
|a computer
|b c
|2 rdamedia
|
| 338 |
|
|
|a online resource
|b cr
|2 rdacarrier
|
| 500 |
|
|
|a Record is based on bibliographic data in ProQuest U.S. Congressional Research Digital Collection (last viewed Dec. 2010). Reuse except for individual research requires license from ProQuest, LLC.
|
| 500 |
|
|
|a CRS Report.
|
| 520 |
|
|
|a Discusses uncertainty regarding the planned size and structure of the Navy, the possibility of reductions in Navy ship force structure, and the possibility of reductions or delays in planned Navy shipbuilding programs. Reviews issues for Congress and legislative activity related to naval structure and shipbuilding plans. Includes tables.
|
| 500 |
|
|
|a Electronic resource.
|
| 650 |
|
0 |
|a Armored vessels.
|
| 650 |
|
0 |
|a Planning.
|
| 650 |
|
0 |
|a Statistics.
|
| 655 |
|
7 |
|a Electronic books.
|2 local
|
| 710 |
2 |
|
|a ProQuest (Firm)
|
| 776 |
0 |
8 |
|i Microfiche version:
|a Library of Congress. Congressional Research Service.
|t Navy Force Structure and Shipbuilding Plans
|
| 830 |
|
0 |
|a U.S. Congressional Research.
|
| 856 |
4 |
0 |
|u http://proxy.library.tamu.edu/login?url=https://congressional.proquest.com/congcomp/getdoc?CRDC-ID=CRS-2007-FDT-1045
|z Connect to the full text of this electronic book
|t 0
|
| 999 |
|
|
|a MARS
|
| 999 |
f |
f |
|s a705dfb4-25df-360a-884a-3528c48042b1
|i eef800a8-8ae3-3127-a3b1-83767997bea3
|t 0
|
| 952 |
f |
f |
|a Texas A&M University
|b College Station
|c Electronic Resources
|s www_evans
|d Available Online
|t 0
|e CRS-2007-FDT-1045
|h Other scheme
|
| 998 |
f |
f |
|a CRS-2007-FDT-1045
|t 0
|l Available Online
|